| 000 | 00736nam a2200205 i 4500 | ||
|---|---|---|---|
| 001 | 44056 | ||
| 003 | ES-MaACL | ||
| 005 | 20231227133411.0 | ||
| 007 | t| | ||
| 008 | 030320s1881 sp c |||| | spa d | ||
| 080 | _a7.032.6/.7:069.538(460.27 M.) | ||
| 110 | 2 |
_aMuseo Nacional de Reproducciones Artísticas (España) _9151574 |
|
| 245 | 1 | 0 |
_aCatálogo del Museo de Reproducciones Artísticas / _c[introducción de Juan F. Riaño]. |
| 260 |
_aMadrid : _b[s.n.], _c1881 ( _fImp. de Aribau y C.ª) |
||
| 300 |
_a123 p. ; _c21 cm. |
||
| 610 | 2 | 4 |
_aMuseo Nacional de Reproducciones Artísticas (España)- _vCatálogos. _9152170 |
| 700 | 1 |
_aRiaño, Juan Facundo, _d1828-1901 _996682 |
|
| 852 |
_aES-MaACL _jF-1521 |
||
| 999 |
_c44056 _d44056 |
||